000 01281nam a2200325 4500
001 380
003 OSt
005 20250528074019.0
008 250403b |||||||g |||| 00| 1 eng d
020 _a9788574211497
040 _bpor
041 _heng
_apor
082 _aB869.93
_bF816b
100 1 _aFranchini, A. S.,
_d1964-
240 _aBeowulf
245 _aBeowulf:
_bRecriação em prosa do poema medieval inglês /
_cFranchini, A. S. ; Segangredo, Carmen
260 _aPorto Alegre
_bArtes e Ofícios
_c2007
300 _a231 p.
520 _aPrimeiro poema épico da Europa Ocidental, Beowulf é considerado, até hoje, uma das obras-primas da literatura inglesa. Um herói destemido o bastante para enfrentar três dos mais ferozes monstros criados pela imaginação humana em três duelos sucessivos e vertiginosos: eis que o leitor encontrará nas páginas deste vibrante romance, adaptado do clássico poema medieval inglês "Beowulf".
650 0 _aLiteratura Brasileira
_9205
650 0 _aLiteratura Inglesa
_989
650 0 _aAdaptação
_9788
650 0 _aÉpico
_9789
650 0 _aAventura
_947
650 0 _aMitologia
_9128
655 0 _aRomance
_923
655 0 _aFicção
_922
700 _aSegangredo, Carmen
_eCoautor
_9790
942 _2ddc
_n0
_cBK
999 _c380
_d380